00636 2200241 4500001002100000005001500021035002000036007000300056008004100059020002200100082001000122084001600132100001700148245007500165250001000240260003400250300003200284650001200316700001300328504003100341990001100372990001100383INLIS00000000000266220190103095414 a0010-0119000014ta190103 g 0 ind  a978-602-1579-12-1 a641.2 a641.2 AFI c0 aAFIN, Murtie1 aCantik dan Sehat dengan Jus dan Herbal /cAfin Murtie; editor, Rose KR acet.1 aYogyakarta :bKatahati,c2014 a106 hlm. :bilus. ;c24 cm. aMINUMAN0 aROSE, KR aBibliografi : hlm. 105-106 a6109 a a6109 b